Quick Pick: 'War' Movies Missing a Word Quiz Stats

 Plays Quiz Updated May 8, 2016

Challenge
Share
Tweet
Embed
Score 0/12 Timer 01:00
0 Plays Today
% Correct
Z
87.5%
5
84%
Home
83.4%
Civil
83%
Means
79.9%
Worlds
75.6%
Tomorrow
75.4%
Roses
67.5%
Dogs
61%
Horse
60%
Lord
49.8%
Room
48.7%

Today's Daily Dose

You're not logged in!

Compare scores with friends on all Sporcle quizzes.
OR
Log In

You Might Also Like...

Show Comments

Extras

Top Quizzes Today


Score Distribution

Your Account Isn't Verified!

In order to create a playlist on Sporcle, you need to verify the email address you used during registration. Go to your Sporcle Settings to finish the process.

Report this User

Report this user for behavior that violates our Community Guidelines.

Details: